[Event "January Standard"]
[Site "SchemingMind.com"]
[Date "2007.01.06"]
[Round "-"]
[White "jtrochez1"]
[Black "cnbcad"]
[Result "0-1"]
[WhiteCountry "HON"]
[BlackCountry "USA"]
[WhiteElo "1559"]
[WhiteRD "45"]
[BlackElo "1575"]
[BlackRD "57"]
[GameID "85766"]

1. e4 e5 2. Nf3 Nc6 3. Nc3 d6 4. h3 Nf6 5. d3 Be7 6. Be2 Nd4 7. Be3 Nxf3+ 8. Bxf3 c5 9. Nd5 Be6 10. c4 Bxd5
11. exd5 Qd7 12. b3 b5 13. a3 a5 14. a4 b4 15. Qe2 Qc7 16. Qd2 h6 17. g4 g5 18. O-O-O Nd7 19. Be4 O-O-O 20. Bf5 Kb8
21. f3 Nb6 22. Qa2 Rhg8 23. Rd2 Nd7 24. Be4 Nf6 25. Kb1 Qb6= 26. Bf2 h5 27. gxh5 Nxh5 28. Be3 Ng3 29. Rg1 Nxe4 30. dxe4 f6
31. Rg4 Rh8 32. Rh2 Rdg8 33. Qf2 Qd8 34. Kc2 Rg6 35. Qg2 Rgh6 36. Bf2 R8h7 37. h4 Qd7 38. Qh3 f5 39. exf5 Qxf5+ 40. Re4 Qg6
41. Qd7 Qf7 42. Qb5+ Kc8 43. Rh3 Qf5 44. Qe8+ Kc7 45. Qc6+ Kd8 46. Qa8+ Kc7 47. Qxa5+ Kd7 48. Qa7+ Ke8 49. Qa8+ Bd8 50. Be3 Qxh3
51. Bxg5 Qg2+ 52. Kb1 Qxf3 53. Qxd8+ Kf7 54. Qe7+ Kg8 55. Qe8+ Kg7 56. Qd7+ Kg6 57. Qxd6+ Kh5 58. Qxe5 Qxb3+ 59. Kc1 Qa3+ 60. Qb2 Qxb2+
61. Kxb2 Ra6 62. Kb3 Rf7 63. Re3 Rf1 64. Rd3 Ra1 65. d6 R6xa4 66. d7 R4a3+ 67. Kc2 Rxd3 68. d8=Q Rxd8 69. Bxd8 Ra3 70. Be7 Rc3+
71. Kb2 Rxc4 72. Kb3 Rc3+ 73. Kb2 c4 74. Bxb4 Rb3+ 75. Kc2 Rxb4 76. Kc3 Rb8 77. Kxc4 Kxh4
0-1

[Event "January Standard"]
[Site "SchemingMind.com"]
[Date "2007.01.07"]
[Round "-"]
[White "cnbcad"]
[Black "jtrochez1"]
[Result "1-0"]
[WhiteCountry "USA"]
[BlackCountry "HON"]
[WhiteElo "1479"]
[WhiteRD "56"]
[BlackElo "1495"]
[BlackRD "52"]
[GameID "85767"]

1. e4 c5 2. Nf3 d6 3. e5 Bg4 4. exd6 exd6 5. h3 Bh5 6. Qe2+ Be7 7. d4 Nf6 8. dxc5 Qa5+ 9. Nc3 Qxc5 10. Be3 Qb4
11. Bd4 Nc6 12. Bxf6 Qxb2 13. Rb1 Bxf3 14. Qxe7+ Nxe7 15. Rxb2 gxf6 16. gxf3 b6 17. Bb5+ Kf8 18. Ne4 a6 19. Bd3 b5 20. Nxf6 h5
21. Rb4 Nc6 22. Re4 Ne5 23. Be2 Ke7 24. Nd5+ Kf8 25. Rg1 Ng6 26. Nf6 Rh6 27. Bd3 Kg7 28. Ne8+ Kf8 29. Nf6 Rd8 30. Re3 d5
31. f4 d4 32. Re4 Rd6 33. Re8+ Kg7 34. Ne4 Re6 35. Ra8 f5 36. Ra7+ Kf8 37. Ra8+ Kf7 38. Kd2 fxe4 39. f5 Rf6 40. Bxe4 Ne5
41. Bd5+ Ke7 42. Ra7+ Kd8 43. Rg8+
1-0

[Event "January Standard"]
[Site "SchemingMind.com"]
[Date "2007.01.07"]
[Round "-"]
[White "Dr_Pat"]
[Black "cnbcad"]
[Result "1-0"]
[WhiteCountry "USA"]
[BlackCountry "USA"]
[WhiteElo "1519"]
[WhiteRD "49"]
[BlackElo "1493"]
[BlackRD "55"]
[GameID "85823"]

1. e4 e5 2. Nf3 Nc6 3. Bc4 Bc5 4. c3 Nf6 5. d4 exd4 6. cxd4 Bb4+ 7. Nc3 Bxc3+ 8. bxc3 Nxe4 9. Bf4 d5 10. Bb3 Qe7
11. O-O O-O 12. Re1 Bg4 13. Bxd5 Bf5 14. Ng5 Qd8 15. Bxe4 Bxe4 16. Nxe4 f5 17. Qb3+ Kh8 18. Nc5 Qh4 19. g3 Qg4 20. Qxb7 Qf3
21. Re3 Qd5 22. Bxc7 a5 23. Re5 Qf3 24. Bd6 Ra7 25. Qxa7 Nxa7 26. Bxf8 Qxc3 27. Rb1 Nc6 28. Re8 h6 29. Rb7 Qc1+ 30. Kg2 Qd1
31. Bxg7+
1-0

[Event "January Standard"]
[Site "SchemingMind.com"]
[Date "2007.01.07"]
[Round "-"]
[White "Dr_Pat"]
[Black "jtrochez1"]
[Result "1-0"]
[WhiteCountry "USA"]
[BlackCountry "HON"]
[WhiteElo "1493"]
[WhiteRD "49"]
[BlackElo "1529"]
[BlackRD "47"]
[GameID "85824"]

1. e4 c5 2. Nf3 d6 3. d4 cxd4 4. Nxd4 e5 5. Bb5+ Nd7 6. Nb3 b6 7. O-O a6 8. Bc6 Rb8 9. Nc3 Nf6 10. Bg5 Be7
11. Bxf6 Bxf6 12. Qxd6 Be7 13. Qxb8 O-O 14. Bxd7 Qxd7 15. Rfd1 Qc6 16. Qxe5 Bf6 17. Nd5 Qxc2 18. Nxf6+ gxf6 19. Qxf6 Be6 20. Nd4 Qxb2
21. Qg5+ Kh8 22. Nxe6 fxe6 23. h4 Qxf2+ 24. Kh1 Rg8 25. Qe5+
1-0

[Event "January Standard"]
[Site "SchemingMind.com"]
[Date "2007.01.07"]
[Round "-"]
[White "cnbcad"]
[Black "Dr_Pat"]
[Result "0-1"]
[WhiteCountry "USA"]
[BlackCountry "USA"]
[WhiteElo "1479"]
[WhiteRD "56"]
[BlackElo "1559"]
[BlackRD "50"]
[GameID "85825"]

1. e4 e5 2. Nf3 Nc6 3. Bc4 Nf6 4. c3 Nxe4 5. d3 Nf6 6. Bg5 Be7 7. Nbd2 O-O 8. Ne4 d5 9. Nxf6+ gxf6 10. Bh6 dxc4
11. Bxf8 Kxf8 12. dxc4 Qxd1+ 13. Rxd1 e4 14. Nd2 f5 15. O-O Be6 16. b4 Rd8 17. a3 Rd3 18. Nb1 Bxc4 19. Rxd3 Bxd3 20. Rd1 Bc4
21. Rd7 Bd6 22. b5 Ne5 23. Rd8+ Ke7 24. Rh8 Bc5 25. a4 Bd3 26. Nd2 e3 27. fxe3 Bxe3+ 28. Kh1 Bxd2 29. h3 Bxc3 30. Rxh7 b6
31. Rh8 Bc2 32. Ra8 Bxa4 33. Rxa7 Bxb5 34. Rxc7+ Ke6 35. Rxc3 Bc4 36. h4 Be2 37. Rh3 Ng4 38. Rh2 Nxh2
0-1

[Event "January Standard"]
[Site "SchemingMind.com"]
[Date "2007.01.08"]
[Round "-"]
[White "jtrochez1"]
[Black "Dr_Pat"]
[Result "1-0"]
[WhiteCountry "HON"]
[BlackCountry "USA"]
[WhiteElo "1529"]
[WhiteRD "47"]
[BlackElo "1493"]
[BlackRD "49"]
[GameID "85826"]

1. e4 e5 2. Nf3 Nc6 3. Bb5 a6 4. Bxc6 dxc6 5. h3 Nf6 6. d3 Bd6 7. Bg5 O-O 8. Nbd2 h6 9. Bxf6 Qxf6 10. Qe2 Re8
11. O-O-O b5 12. Qf1 Be6 13. Kb1 a5 14. Kc1 Bxa2 15. g4 Be6 16. Qg2 a4 17. g5 hxg5 18. Nxg5 a3 19. Nxe6 Qxe6 20. b3 a2
21. Kb2 Ra6 22. Ka1 c5 23. Rdg1 g6 24. h4 c4 25. dxc4 bxc4 26. Nxc4 Bb4 27. Qf3 Rd8 28. h5 Bc3+ 29. Nb2 Rd2 30. hxg6 fxg6
31. Qxc3 Rxf2 32. Qxc7
1-0

[Event "January Standard"]
[Site "SchemingMind.com"]
[Date "2007.01.07"]
[Round "-"]
[White "Majoanis"]
[Black "cnbcad"]
[Result "0-1"]
[WhiteCountry "CAN"]
[BlackCountry "USA"]
[WhiteElo "1586"]
[WhiteRD "73"]
[BlackElo "1535"]
[BlackRD "59"]
[GameID "85907"]

1. Nf3 d5 2. d4 Nc6 3. Bf4 f6 4. e3 Bf5 5. c3 a6 6. Bd3 Bxd3 7. Qxd3 e6 8. Nbd2 Bd6 9. Bxd6 Qxd6 10. O-O O-O-O
11. c4 dxc4 12. Nxc4 Qb4 13. a3 Qe7 14. Qc3 Kb8 15. Na5 Nxa5 16. Qxa5 Qd7 17. Rfc1 Rc8 18. h3 Ne7 19. Qc5 g5 20. b4 g4
21. hxg4 f5 22. Rab1 fxg4 23. Ne5 Qe8 24. b5 b6
0-1

[Event "January Standard"]
[Site "SchemingMind.com"]
[Date "2007.01.07"]
[Round "-"]
[White "Majoanis"]
[Black "jtrochez1"]
[Result "0-1"]
[WhiteCountry "CAN"]
[BlackCountry "HON"]
[WhiteElo "1702"]
[WhiteRD "70"]
[BlackElo "1495"]
[BlackRD "52"]
[GameID "85908"]

1. d4 d5 2. c4 e6 3. Nf3 c6 4. g3 h6 5. Bg2 Nd7 6. Qc2 Be7 7. O-O Bf6 8. Nbd2 Ne7 9. e4 Ng6 10. Re1 O-O
11. h4 e5 12. h5 Nh8 13. exd5 cxd5 14. dxe5 Nxe5 15. Nxe5 Bxe5 16. Rxe5 Be6 17. cxd5 Rc8 18. Qb1 Qc7 19. Re1 Bg4 20. Be4 f5
21. Bf3 Bh3 22. Nf1 Nf7 23. Bf4 Qd7 24. Kh2 Bxf1 25. Rxf1 Ng5 26. Bxg5 hxg5 27. Bg2 Rf6 28. Qd3 Rh6
0-1

[Event "January Standard"]
[Site "SchemingMind.com"]
[Date "2007.01.08"]
[Round "-"]
[White "Majoanis"]
[Black "Dr_Pat"]
[Result "1-0"]
[WhiteCountry "CAN"]
[BlackCountry "USA"]
[WhiteElo "1769"]
[WhiteRD "70"]
[BlackElo "1519"]
[BlackRD "49"]
[GameID "85909"]

1. d4 Nf6 2. Nf3 d5 3. c4 dxc4 4. e3 e6 5. Bxc4 Nc6 6. Nc3 Be7 7. O-O O-O 8. e4 a6 9. Re1 b5 10. Bf1 Bb7
11. a3 h6 12. Bf4 Bd6 13. e5 Nd5 14. Nxd5 exd5 15. exd6 cxd6 16. Bd3 Qb6 17. Bxd6 Rfe8 18. Bc5
1-0

[Event "January Standard"]
[Site "SchemingMind.com"]
[Date "2007.01.07"]
[Round "-"]
[White "cnbcad"]
[Black "Majoanis"]
[Result "1-0"]
[WhiteCountry "USA"]
[BlackCountry "CAN"]
[WhiteElo "1535"]
[WhiteRD "59"]
[BlackElo "1586"]
[BlackRD "73"]
[GameID "85910"]

1. e4 c6 2. d4 d5 3. e5 c5 4. c3 Nc6 5. Nf3 Bg4 6. h3 Bxf3 7. Qxf3 e6 8. Bb5 Ne7 9. Bg5 Qb6 10. Bd3 Qxb2
11. O-O c4 12. Nd2 cxd3 13. Qxd3 Qb6 14. Rab1 Qc7 15. Nb3 Ng6 16. Nc5 Bxc5 17. dxc5 O-O 18. Rfe1 h6 19. Bd2 Ncxe5 20. Qg3 Qxc5
21. Rxb7 Nc4 22. Be3 Nxe3 23. Rxe3 e5 24. Qg4 Qc8 25. Rb5 Qxg4 26. hxg4 d4 27. cxd4 exd4 28. Rd3
1-0

[Event "January Standard"]
[Site "SchemingMind.com"]
[Date "2007.01.07"]
[Round "-"]
[White "jtrochez1"]
[Black "Majoanis"]
[Result "0-1"]
[WhiteCountry "HON"]
[BlackCountry "CAN"]
[WhiteElo "1495"]
[WhiteRD "52"]
[BlackElo "1702"]
[BlackRD "70"]
[GameID "85911"]

1. e4 d6 2. d4 Nf6 3. Nc3 g6 4. h3 Bg7 5. Be2 O-O 6. Bf3 c6 7. Nge2 Nbd7 8. O-O e5 9. Bg5 Qc7 10. Bxf6 Nxf6
11. d5 cxd5 12. exd5 a6 13. Rc1 b5 14. Ne4 Nxe4 15. Bxe4 f5 16. c4 fxe4 17. cxb5 Qf7 18. b6 Bb7 19. Rc7 Qxd5 20. Qxd5+ Bxd5
21. b3 Rf7 22. Rfc1 Rxc7 23. bxc7 Bb7 24. Nc3 Bh6 25. Rc2 e3 26. fxe3 Bxe3+ 27. Kh1 Rf8 28. a4 Rf1+ 29. Kh2 Bf4+
0-1

[Event "January Standard"]
[Site "SchemingMind.com"]
[Date "2007.01.08"]
[Round "-"]
[White "Dr_Pat"]
[Black "Majoanis"]
[Result "0-1"]
[WhiteCountry "USA"]
[BlackCountry "CAN"]
[WhiteElo "1519"]
[WhiteRD "49"]
[BlackElo "1769"]
[BlackRD "70"]
[GameID "85912"]

1. d4 Nf6 2. c4 g6 3. Nc3 d5 4. e3 Bg7 5. Bd3 dxc4 6. Bxc4 O-O 7. Nf3 c5 8. O-O cxd4 9. Nxd4 a6 10. a4 Qc7
11. Bd3 Rd8 12. f4 Nc6 13. Nxc6 Qxc6 14. Na2 Qb6 15. Kh1 Bf5
0-1

[Event "January Standard"]
[Site "SchemingMind.com"]
[Date "2007.01.09"]
[Round "-"]
[White "keen"]
[Black "cnbcad"]
[Result "1-0"]
[WhiteCountry "SCO"]
[BlackCountry "USA"]
[WhiteElo "1736"]
[WhiteRD "61"]
[BlackElo "1455"]
[BlackRD "52"]
[GameID "86187"]

1. e4 e5 2. Nf3 Nc6 3. Bb5 Nd4 4. Nxd4 exd4 5. O-O c6 6. Bc4 b5 7. Bb3 Bc5 8. Qh5 g6 9. Qxc5 Nf6 10. Qxd4 O-O
11. d3 Ng4 12. h3 Nf6 13. Bg5 Kg7 14. e5 Kg8 15. Bxf6 Qb6 16. Qh4 d6 17. Qh6
1-0

[Event "January Standard"]
[Site "SchemingMind.com"]
[Date "2007.01.10"]
[Round "-"]
[White "keen"]
[Black "jtrochez1"]
[Result "1-0"]
[WhiteCountry "SCO"]
[BlackCountry "HON"]
[WhiteElo "1744"]
[WhiteRD "63"]
[BlackElo "1511"]
[BlackRD "47"]
[GameID "86188"]

1. e4 c5 2. c3 e5 3. Nf3 d6 4. Be2 Nf6 5. d3 h6 6. O-O Be7 7. h3 Nc6 8. Re1 O-O 9. Bf1 Be6 10. Nbd2 a6
11. Nb3 b5 12. d4 cxd4 13. cxd4 Bxb3 14. Qxb3 Qb8 15. Qe3 Qa7 16. dxe5 dxe5 17. Qxa7 Rxa7 18. Be3 Rd7 19. Rac1 Rc7 20. Nxe5 Rfc8
21. Nxc6 Rxc6 22. f3 Rxc1 23. Rxc1 Rxc1 24. Bxc1 Nd7 25. b3 Bc5+ 26. Kh1 f6 27. f4 Kf7 28. g3 g5 29. Kg2 Bd4 30. Kf3 Kg6
31. Bd3 Kf7 32. Be3 Bxe3 33. Kxe3 Ke7 34. Kd4 Ke6 35. fxg5 fxg5 36. a4 bxa4 37. bxa4 a5 38. Bb5 Nb6 39. Bc6 Nxa4 40. Bxa4 Kd6
41. Kc4 Ke5 42. Bc6 a4 43. Kb4 a3 44. Kxa3 Kd4 45. Kb3 Ke5 46. Kc4 Kd6 47. Bd5 Kc7 48. e5 Kd7 49. Kc5 Kc7 50. e6 Kd8
51. Kd6
1-0

[Event "January Standard"]
[Site "SchemingMind.com"]
[Date "2007.01.09"]
[Round "-"]
[White "keen"]
[Black "Dr_Pat"]
[Result "1-0"]
[WhiteCountry "SCO"]
[BlackCountry "USA"]
[WhiteElo "1736"]
[WhiteRD "61"]
[BlackElo "1493"]
[BlackRD "49"]
[GameID "86189"]

1. e4 e5 2. Nf3 Nc6 3. Bb5 a6 4. Ba4 b5 5. Bb3 Nf6 6. O-O Bd6 7. Re1 Bb7 8. c3 O-O 9. d4 Re8 10. Ng5 Rf8
11. Nd2 exd4 12. cxd4 Nxd4 13. e5 Bxe5 14. Rxe5 d6 15. Re1 h6 16. Ngf3 Nxf3+ 17. Nxf3 Re8 18. Rxe8+ Qxe8 19. Be3 Rc8 20. Qd3 Bxf3
21. gxf3 c5 22. Qxd6 c4 23. Bc2 a5 24. Bxh6 Rd8 25. Qg3 g6 26. Bg5 Qe2 27. Bxf6 Rd2 28. Qb8+
1-0

[Event "January Standard"]
[Site "SchemingMind.com"]
[Date "2007.01.08"]
[Round "-"]
[White "keen"]
[Black "Majoanis"]
[Result "1-0"]
[WhiteCountry "SCO"]
[BlackCountry "CAN"]
[WhiteElo "1749"]
[WhiteRD "62"]
[BlackElo "1702"]
[BlackRD "70"]
[GameID "86190"]

1. e4 c6 2. d4 d5 3. Nc3 dxe4 4. Nxe4 Nd7 5. Nf3 Ngf6 6. Ng3 e6 7. Bd3 c5 8. O-O Be7 9. c3 O-O 10. Qc2 Qc7
11. Be3 b6 12. Ng5 h6 13. Nf3 Bb7 14. Rad1 cxd4 15. Nxd4 Nc5 16. Be2 Nd5 17. Bc1 Rac8 18. Bf3 a6 19. Qe2 Rfd8 20. Ne4 Nxe4
21. Bxe4 Nf6 22. Bxb7 Qxb7 23. Rfe1
1-0

[Event "January Standard"]
[Site "SchemingMind.com"]
[Date "2007.01.09"]
[Round "-"]
[White "cnbcad"]
[Black "keen"]
[Result "0-1"]
[WhiteCountry "USA"]
[BlackCountry "SCO"]
[WhiteElo "1479"]
[WhiteRD "56"]
[BlackElo "1749"]
[BlackRD "62"]
[GameID "86191"]

1. e4 e6 2. d4 d5 3. e5 c5 4. c3 Nc6 5. Bb5 Bd7 6. Nf3 Qb6 7. Bxc6 Bxc6 8. a3 Ne7 9. b4 cxd4 10. Nxd4 Ng6
11. Nf3 a5 12. O-O axb4 13. Be3 Qc7 14. cxb4 Bxb4 15. Nbd2 Bc3 16. h3 Bxa1 17. Qxa1 O-O 18. Rc1 Qa5 19. Bc5 Rfc8 20. Nb3 Qb5
21. Nbd4 Qa5 22. Bb4 Qd8 23. Nxc6 bxc6 24. Nd4 Qb6 25. Bc5 Qa6 26. Nb3 Qd3 27. Bb4 Qxb3 28. Rc3 Qxb4
0-1

[Event "January Standard"]
[Site "SchemingMind.com"]
[Date "2007.01.10"]
[Round "-"]
[White "jtrochez1"]
[Black "keen"]
[Result "0-1"]
[WhiteCountry "HON"]
[BlackCountry "SCO"]
[WhiteElo "1511"]
[WhiteRD "47"]
[BlackElo "1744"]
[BlackRD "63"]
[GameID "86192"]

1. e4 b6 2. Bc4 Bb7 3. Nc3 Nf6 4. d3 g6 5. Nf3 Bg7 6. O-O O-O 7. h3 e6 8. Qe2 d6 9. Bf4 Nbd7 10. Nd1 a5
11. a4 Nc5 12. e5 Nd5 13. Bxd5 Bxd5 14. d4 Ne4 15. c4 Bb7 16. Nc3 Nxc3 17. bxc3 d5 18. Rfd1 dxc4 19. Kh2 Bd5 20. Re1 Qd7
21. Qe3 Bc6 22. Nd2 Bxa4 23. Nxc4 Bc6 24. f3 Rfd8 25. Qf2 Bb5 26. Nd2 Bf8 27. Bg5 Be7 28. Bf6 Bxf6 29. exf6 Qd6+ 30. Kh1 Qf4
31. Re5 Bc6 32. Ne4 Bxe4 33. Rxe4 Qxf6 34. Qg3 Rd7 35. Rf4 Qe7 36. Re4 Rad8 37. Ra4 Rd5 38. Qf2 Qd7 39. Ra1 a4 40. Qc2 b5
41. Ra3 Qd6 42. Qb2 e5 43. Qb4 Qxb4 44. cxb4 exd4 45. Rd3 Kf8 46. Kg1 c5 47. bxc5 Rxc5 48. Rexd4 Rxd4 49. Rxd4 a3 50. Rd8+ Ke7
51. Ra8 b4 52. Ra4 Rc3 53. Rxb4 a2
0-1

[Event "January Standard"]
[Site "SchemingMind.com"]
[Date "2007.01.09"]
[Round "-"]
[White "Dr_Pat"]
[Black "keen"]
[Result "0-1"]
[WhiteCountry "USA"]
[BlackCountry "SCO"]
[WhiteElo "1493"]
[WhiteRD "49"]
[BlackElo "1736"]
[BlackRD "61"]
[GameID "86193"]

1. e4 e6 2. d4 d5 3. e5 c5 4. Nf3 Nc6 5. c3 Qb6 6. Be2 Bd7 7. O-O Nh6 8. dxc5 Bxc5 9. b4 Be7 10. b5 Na5
11. Bxh6 gxh6 12. Nbd2 Rc8 13. Rc1 Rg8 14. a4 Qd8 15. Bd3 Rg7 16. Nb3 Nxb3 17. Qxb3 Bc5 18. c4 Qe7 19. cxd5 exd5 20. Qxd5 Be6
21. Qe4 b6 22. Bc4 Bxc4 23. Qxc4 Bxf2+
0-1

[Event "January Standard"]
[Site "SchemingMind.com"]
[Date "2007.01.09"]
[Round "-"]
[White "Majoanis"]
[Black "keen"]
[Result "0-1"]
[WhiteCountry "CAN"]
[BlackCountry "SCO"]
[WhiteElo "1769"]
[WhiteRD "70"]
[BlackElo "1744"]
[BlackRD "63"]
[GameID "86194"]

1. c4 Nf6 2. Nf3 g6 3. g3 Bg7 4. Bg2 O-O 5. O-O d6 6. d4 Na6 7. Nc3 c5 8. d5 Nc7 9. e4 Rb8 10. a4 Na6
11. h3 Nb4 12. Re1 Bd7 13. Be3 Qc8 14. Kh2 a6 15. a5 b6 16. axb6 Rxb6 17. Bg5 h6 18. Bd2 Nd3
0-1

[Event "January Standard"]
[Site "SchemingMind.com"]
[Date "2007.01.15"]
[Round "-"]
[White "rodrigos"]
[Black "cnbcad"]
[Result "0-1"]
[WhiteCountry "ENG"]
[BlackCountry "USA"]
[WhiteElo "1548"]
[WhiteRD "94"]
[BlackElo "1536"]
[BlackRD "56"]
[GameID "86939"]

1. e4 e5 2. b3 Nc6 3. Bb2 Nf6 4. d3 d6 5. c4 Nd4 6. Nd2 c5 7. Bxd4 cxd4 8. Ngf3 Bg4 9. Be2 a6 10. h3 Bh5
11. O-O Be7 12. a4 a5 13. Ne1 Bxe2 14. Qxe2 O-O 15. f4 exf4 16. Rxf4 Re8 17. Nc2 Qb6 18. Raf1 Rac8 19. Qf2 Rf8 20. Nxd4 Nh5
21. Rxf7 Bf6 22. Rxf8+ Rxf8 23. Nc2 Qxf2+ 24. Rxf2 g6 25. Rf3 Nf4 26. Kf1 Bg7 27. h4 Nxd3 28. Rxf8+ Kxf8 29. Ke2 Nf4+ 30. Kf3 Bh6
31. Nf1 g5 32. hxg5 Bxg5 33. g3 Ne6 34. Nfe3 Nc5 35. b4 axb4 36. Nxb4 Nxa4 37. Ned5 Nb2 38. Nc7 Kf7 39. Kg4 h6 40. Nb5= Nxc4
41. Nd3 Ne3+ 42. Kf3 Nc4 43. Nc7 Nd2+ 44. Kg4 Nxe4 45. Nb5 d5 46. Kf3 h5 47. Ne5+ Ke6 48. Nd3 Nd2+ 49. Ke2 Kf5 50. Kf2= Kg4
51. Nd6 b6 52. Nf7 Ne4+ 53. Kg2 b5 54. Nfe5+ Kf5 55. Nf3 Be3 56. Nb4 d4 57. Nd5 Bf2 58. Nb4 Bxg3 59. Nxd4+ Kg4 60. Nxb5 h4
61. Nd4 h3+
0-1

[Event "January Standard"]
[Site "SchemingMind.com"]
[Date "2007.01.15"]
[Round "-"]
[White "rodrigos"]
[Black "jtrochez1"]
[Result "1-0"]
[WhiteCountry "ENG"]
[BlackCountry "HON"]
[WhiteElo "1595"]
[WhiteRD "88"]
[BlackElo "1497"]
[BlackRD "52"]
[GameID "86940"]

1. e4 c5 2. Nf3 Nc6 3. b3 e5 4. Bb2 d6 5. c3 Bd7 6. d4 Bg4 7. Be2 Bxf3 8. Bxf3 Nf6 9. dxe5 dxe5 10. O-O Be7
11. c4 Qxd1 12. Rxd1 O-O 13. Nc3 Nd4 14. Rd3 Nxf3+ 15. Rxf3 Nd7 16. Nd5 Bd8 17. Rd1 f6 18. Ne7+ Bxe7 19. Rxd7 Bd8 20. Rxb7 Bb6
21. Rg3 Rf7 22. Rxf7 Kxf7 23. Rf3 Rd8 24. g4 Bc7 25. Bc3 a5 26. Kf1 Ke6 27. Re3 Bb6 28. h4 g6 29. Ke2 h6 30. f3 Bc7
31. Rd3 Rxd3 32. Kxd3 f5 33. a3 Kf6 34. b4 axb4 35. axb4 cxb4 36. Bxb4 h5 37. g5+ Ke6 38. c5 f4 39. c6 Kf7 40. Kc4 Ke6
41. Kb5 Kf7 42. Ka6 Ke8 43. Kb7 Bd8 44. Bd6
1-0

[Event "January Standard"]
[Site "SchemingMind.com"]
[Date "2007.01.15"]
[Round "-"]
[White "rodrigos"]
[Black "keen"]
[Result "0-1"]
[WhiteCountry "ENG"]
[BlackCountry "SCO"]
[WhiteElo "1598"]
[WhiteRD "103"]
[BlackElo "1744"]
[BlackRD "63"]
[GameID "86941"]

1. e4 e5 2. c3 Nf6 3. Qc2 Bc5 4. h3 O-O 5. b4 Bb6 6. a4 a6 7. a5 Ba7 8. Bc4 c6 9. Nf3 Nxe4 10. Qxe4 d5
11. Bxd5 cxd5 12. Qc2 Nc6 13. d3 e4 14. Ng1 Qf6 15. Ra2 exd3 16. Qxd3 Re8+ 17. Kf1 Bf5 18. Qxd5 Rad8 19. Qf3 Bd3+ 20. Ne2 Bxe2+
0-1

[Event "January Standard"]
[Site "SchemingMind.com"]
[Date "2007.01.15"]
[Round "-"]
[White "rodrigos"]
[Black "Dr_Pat"]
[Result "0-1"]
[WhiteCountry "ENG"]
[BlackCountry "USA"]
[WhiteElo "1500"]
[WhiteRD "91"]
[BlackElo "1559"]
[BlackRD "50"]
[GameID "86942"]

1. e4 e5 2. f4 exf4 3. Nf3 d5 4. Qe2 dxe4 5. Qxe4+ Be7 6. Qxf4 Nf6 7. Be2 O-O 8. c3 Bd6 9. Qh4 Re8 10. Qf2 Nc6
11. O-O Bf5 12. Kh1 Ng4 13. Qe1 Be4 14. h3 Nge5 15. Nxe5 Nxe5 16. d4 Nd3 17. Qd1 Qh4 18. Bf3 Nf2+ 19. Rxf2 Qxf2 20. Qg1 Qxg1+
21. Kxg1 Bxf3 22. gxf3 Re1+ 23. Kf2 Rxc1 24. b4 b5 25. Ke2 Re8+ 26. Kd2 Bf4+
0-1

[Event "January Standard"]
[Site "SchemingMind.com"]
[Date "2007.01.15"]
[Round "-"]
[White "rodrigos"]
[Black "Majoanis"]
[Result "1-0"]
[WhiteCountry "ENG"]
[BlackCountry "CAN"]
[WhiteElo "1595"]
[WhiteRD "88"]
[BlackElo "1586"]
[BlackRD "73"]
[GameID "86943"]

1. e4 e5 2. c3 d5 3. exd5 Qxd5 4. h3 Nc6 5. Nf3 Nf6 6. d3 Bd6 7. Be2 O-O 8. Bg5 Qe6 9. a3 h6 10. Bh4 a5
11. b4 axb4 12. Bxf6 Qxf6 13. a4 bxc3 14. Nxc3
1-0

[Event "January Standard"]
[Site "SchemingMind.com"]
[Date "2007.01.15"]
[Round "-"]
[White "cnbcad"]
[Black "rodrigos"]
[Result "1-0"]
[WhiteCountry "USA"]
[BlackCountry "ENG"]
[WhiteElo "1479"]
[WhiteRD "56"]
[BlackElo "1500"]
[BlackRD "91"]
[GameID "86944"]

1. e4 e5 2. Nf3 Nc6 3. Bc4 Nf6 4. d4 exd4 5. Ng5 d5 6. Bxd5 Nxd5 7. exd5 Qxd5 8. O-O Be7 9. Re1 Be6 10. Nxe6 fxe6
11. Qg4 O-O 12. Bh6 Bf6 13. Rxe6 Qd8 14. Nd2 Rf7 15. Ne4 g6 16. Nxf6+ Rxf6 17. Bg5 Qd5 18. Bxf6 Rf8 19. Rae1 d3 20. cxd3 Qxd3
21. Re8 Rxe8 22. Rxe8+
1-0

[Event "January Standard"]
[Site "SchemingMind.com"]
[Date "2007.01.15"]
[Round "-"]
[White "jtrochez1"]
[Black "rodrigos"]
[Result "0-1"]
[WhiteCountry "HON"]
[BlackCountry "ENG"]
[WhiteElo "1495"]
[WhiteRD "52"]
[BlackElo "1500"]
[BlackRD "91"]
[GameID "86945"]

1. e4 e5 2. Nf3 Nc6 3. d3 Bc5 4. Nc3 Nf6 5. h3 O-O 6. Bg5 d6 7. Nd5 b5 8. Nxf6+ gxf6 9. Bh6 Re8 10. c3 Kh8
11. Bd2 Bb6 12. Nh4 Rg8 13. Qf3 Qe7 14. Be3 Bxe3 15. Qxe3 Bd7 16. Be2 f5 17. Nxf5 Bxf5 18. exf5 Rxg2 19. Bf3 Rg7 20. Bxc6 Rag8
21. O-O-O a6 22. Qa7 Qg5+ 23. Kb1 Qxf5 24. Qxa6 Qxf2 25. Qxb5 Rg3 26. Rdf1 Qe2 27. d4 Qe3 28. h4 exd4 29. Re1 Qf4 30. cxd4 Qxd4
31. Qb7 Qf2 32. Ref1 Qe2 33. Qxc7 R3g6 34. Re1 Qf2 35. Qxd6 Rxd6
0-1

[Event "January Standard"]
[Site "SchemingMind.com"]
[Date "2007.01.15"]
[Round "-"]
[White "keen"]
[Black "rodrigos"]
[Result "1-0"]
[WhiteCountry "SCO"]
[BlackCountry "ENG"]
[WhiteElo "1749"]
[WhiteRD "62"]
[BlackElo "1500"]
[BlackRD "91"]
[GameID "86946"]

1. Nf3 e6 2. c4 a5 3. Nc3 Nf6 4. g3 b6 5. Bg2 Bb7 6. O-O Bb4 7. Qc2 c6 8. a3 Bd6 9. d4 c5 10. Bg5 O-O
11. Rad1 Be7 12. Bxf6 Bxf6 13. Nb5 Nc6 14. Nd6 Rb8 15. Nxb7 Rxb7 16. Ne5 Nxd4 17. Rxd4 Bxe5 18. Rh4 h6 19. Bxb7 f5 20. Qd2 d6
21. b4 Qe7 22. Bg2 Qa7 23. b5 Rf6 24. f4 Bd4+ 25. e3 Bxe3+ 26. Qxe3 Rf8 27. Qxe6+ Kh8 28. Qxd6 Re8 29. Rxh6+ gxh6 30. Qxh6+ Qh7
31. Qxb6
1-0

[Event "January Standard"]
[Site "SchemingMind.com"]
[Date "2007.01.15"]
[Round "-"]
[White "Dr_Pat"]
[Black "rodrigos"]
[Result "1-0"]
[WhiteCountry "USA"]
[BlackCountry "ENG"]
[WhiteElo "1559"]
[WhiteRD "50"]
[BlackElo "1500"]
[BlackRD "91"]
[GameID "86947"]

1. e4 e5 2. Nf3 Nc6 3. Bb5 Bc5 4. O-O Nd4 5. Nxd4 Bxd4 6. c3 Bb6 7. d4 c6 8. Be2 Bc7 9. dxe5 Bxe5 10. Nd2 a6
11. Nf3 Bc7 12. Bc4 h6 13. Be3 b5 14. Bb3 Ne7 15. a4 O-O 16. axb5 cxb5 17. Nd4 Bb7 18. Bc2 Ng6 19. f4 Qe8 20. f5 Ne7
21. f6 Ng6 22. fxg7 Kxg7 23. Nf5+ Kh7 24. Bxh6 Rh8 25. Bg7 Kg8 26. Bxh8 Kxh8 27. Qh5+ Kg8 28. Nh6+ Kh8 29. Nxf7+ Kg7 30. Qh6+
1-0

[Event "January Standard"]
[Site "SchemingMind.com"]
[Date "2007.01.15"]
[Round "-"]
[White "Majoanis"]
[Black "rodrigos"]
[Result "0-1"]
[WhiteCountry "CAN"]
[BlackCountry "ENG"]
[WhiteElo "1586"]
[WhiteRD "73"]
[BlackElo "1595"]
[BlackRD "88"]
[GameID "86948"]

1. Nf3 d5 2. d4 e6 3. c4 dxc4 4. e3 a6 5. Bxc4 Nf6 6. O-O b5 7. Bd3 Bb7 8. a4 c6 9. Nc3 Nbd7 10. Qe2 Bd6
11. e4 Bb4 12. e5 Bxc3 13. bxc3 Nd5
0-1

[Event "January Standard"]
[Site "SchemingMind.com"]
[Date "2007.01.15"]
[Round "-"]
[White "Trener"]
[Black "cnbcad"]
[Result "1-0"]
[WhiteCountry "PAR"]
[BlackCountry "USA"]
[WhiteElo "1987"]
[WhiteRD "86"]
[BlackElo "1493"]
[BlackRD "55"]
[GameID "86983"]

1. e4 e5 2. Nf3 Nc6 3. Bb5 a6 4. Bxc6 dxc6 5. O-O Bg4 6. h3 Bh5 7. g4 Bg6 8. Nxe5 Bxe4 9. Re1 Qd5 10. Nc3 Qc5
11. Nxe4 Qa7 12. Nxc6 bxc6 13. Nf6+ Kd8 14. Re8#
1-0